| 000 | 00000nam##2200000za#4500 |
| 001 | 9.579996 |
| 003 | CaOODSP |
| 005 | 20210624190828 |
| 007 | cr ||||||||||| |
| 008 | 150406|2004||||xxc|||||o f|0| 0 eng|d |
| 022 | |a1488-5387 |
| 040 | |aCaOODSP|beng |
| 043 | |an-cn--- |
| 086 | 1 |aFs97-4/2697E-PDF |
| 110 | 1 |aCanada. |bDepartment of Fisheries and Oceans. |
| 245 | 10|aSummary of catch monitoring programs for commercial salmon fisheries in Southern B.C., 1998-2002 / |h[electronic resource]|cby B. Beaith ... [et al.] |
| 260 | |aNanaimo - British Columbia : |bFisheries and Oceans Canada |c2004. |
| 300 | |a55p.|bfigs., references |
| 490 | 1 |aCanadian manuscript report of fisheries and aquatic sciences|x1488-5387|vNo. 2697 |
| 500 | |aOn t. p. : South Coast Division, Nanaimo, B.C. The catalogue number and ISSN for the print edition appear in the PDF version. |
| 546 | |a(Résumés en français) |
| 590 | |a14-13-Supp|b2014-06-23 |
| 720 | 1 |aBeaith, B. |
| 776 | 0#|tSummary of catch monitoring programs for commercial salmon fisheries in Southern B.C., 1998-2002 / |w(CaOODSP)9.617111 |
| 830 | #0|aCanadian manuscript report of fisheries and aquatic sciences,|x1488-5387|vNo. 2697|w(CaOODSP)9.505211 |
| 856 | 40|ahttp://publications.gc.ca|qPDF|s5029 KB|uhttps://publications.gc.ca/collections/collection_2014/mpo-dfo/Fs97-4-2697-eng.pdf|yNo. 2697 |